| 000 | 00731cab a2200241 4500 | ||
|---|---|---|---|
| 001 | ABS58766 | ||
| 008 | 090401t1998 xxu||||| |||| 00| 0 eng d | ||
| 035 | _a(Sirsi) u86610 | ||
| 041 | _aeng | ||
| 100 | _aHealy, A. | ||
| 245 | _aHitting a high note | ||
| 260 | _c1998 | ||
| 350 | _a0 | ||
| 490 |
_aPlanning (for the Natural and Built Environment) _v(1269) 22 may 1998, 17(1) |
||
| 520 | _aGauges the response to the European Spatial Development Perspective from UK organisations. | ||
| 650 | _aEUROPEAN SPATIAL DEVELOPMENT PERSPECTIVE | ||
| 650 | _aPLANNING ISSUES | ||
| 650 | _aPLANNING POLICY | ||
| 650 | _aREGIONAL PLANNING GUIDANCE | ||
| 690 | _aPLANNING LAW AND PRACTICE | ||
| 942 | _n0 | ||
| 948 | _c05/06/1998 | ||
| 999 |
_c54534 _d54534 |
||